Normal view
MARC view
Entry Topical Term
001 - CONTROL NUMBER
- control field: 22143
003 - CONTROL NUMBER IDENTIFIER
- control field: OSt
005 - DATE AND TIME OF LATEST TRANSACTION
- control field: 20210211120736.0
008 - FIXED-LENGTH DATA ELEMENTS
- fixed length control field: 210211|| aca||aabn | a|a d
040 ## - CATALOGING SOURCE
- Original cataloging agency: OSt
- Transcribing agency: OSt
150 ## - HEADING--TOPICAL TERM
- Topical term or geographic name entry element: Organizational change
670 ## - SOURCE DATA FOUND
- Source citation: Work cat.: (OSt): Taher, Nasreen (ed.) 22141, Dynamics of change management , 2005
